Normal view
MARC view
Entry Corporate Name
001 - CONTROL NUMBER
- control field: 6270
003 - CONTROL NUMBER IDENTIFIER
- control field: ARRUPE
005 - DATE AND TIME OF LATEST TRANSACTION
- control field: 20131220134725.0
008 - FIXED-LENGTH DATA ELEMENTS
- fixed length control field: 131220|| aca||aabn | a|a d
040 ## - CATALOGING SOURCE
- Original cataloging agency: ARRUPE
- Transcribing agency: ARRUPE
110 ## - HEADING--CORPORATE NAME
- Corporate name or jurisdiction name as entry element: Anglo-German Foundation for the Study of Industrial Society.
670 ## - SOURCE DATA FOUND
- Source citation: Work cat.: (ARRUPE)0: Worker-owners :, c1977.